[Event "New Delhi Parsvnath op 10th"]
[Site "New Delhi"]
[Date "2012.01.15"]
[Round "1"]
[White "Abhinav, Mahajan"]
[Black "Saptarshi, Roy Chowdhury"]
[Result "0-1"]
[WhiteElo "1618"]
[BlackElo "2378"]
[PlyCount "70"]
[EventDate "2012.01.15"]
[EventType "swiss"]
[EventRounds "11"]
[EventCountry "IND"]
[SourceTitle "CBM 146 Extra"]
[Source "ChessBase"]
[SourceDate "2012.02.29"]
[SourceVersion "1"]
[SourceVersionDate "2012.02.29"]
[SourceQuality "1"]

1. d4 d5 2. c4 e5 3. e3 exd4 4. Qxd4 Nf6 5. Nc3 Nc6 6. Qd1 d4 7. exd4 Qxd4 8. Be3 Qxd1+ 9. Rxd1 Bb4 10. Bd2 Bf5 11. a3 Bc5 12. Be2 Nd4 13. h3 0-0-0 14. Nf3 Nc2+ 15. Kf1 Rhe8 16. Bg5 Rxd1+ 17. Bxd1 Bd3+ 18. Be2 Bxe2+ 19. Nxe2 Ne4 20. Bh4 g5 21. Bg3 f5 22. b4 Bf8 23. Ned4 Nxd4 24. Nxd4 f4 25. Ne2 fxg3 26. Nxg3 Nxg3+ 27. fxg3 Bg7 28. h4 g4 29. Kf2 Bd4+ 30. Kf1 h5 31. a4 c5 32. bxc5 Bxc5 33. Rh2 Bb4 34. Kf2 Be1+ 35. Kf1 Bxg3 0-1